| 000 | 00922ntm a22002417a 4500 | ||
|---|---|---|---|
| 005 | 20170814091914.0 | ||
| 008 | 170802s2014 xx a frb 000 0 eng d | ||
| 040 |
_aEG-ScBUE _beng _cEG-ScBUE |
||
| 082 | 0 | 4 |
_a624 _222 _bABD |
| 100 | 1 | _aAbd Elhalim, Amr Mansour Mohammed. | |
| 245 | 1 | 0 |
_aStructural design calculation / _cby Amr Mansour Mohammed Abe EL-Halim. _b |
| 246 | _a | ||
| 260 | _c2014. | ||
| 300 |
_a45 p. : _bill. (col.) ; _c28 cm. |
||
| 500 | _aA design thesis submitted to the faculty of engineering, the British university in Egypt, in Partial fulfillment for the bachelor degree in civil engineering | ||
| 590 | _aNOURA TARK KAMAL. | ||
| 650 | 7 |
_vProjects _2BUEsh _a Civil Engineering |
|
| 653 |
_bENGCIV _cAugust2017 |
||
| 655 | _vSPRO | ||
| 700 | 1 |
_aSaleh, Hossam, _eths. |
|
| 777 | _ASPRO | ||
| 942 | _2ddc | ||
| 999 |
_c25108 _d25080 |
||